000 00758nam a2200241Ia 4500
003 GCL
008 140319s9999 xx 000 0 ara d
040 _aGCL /
_cGCL
082 0 4 _a135.3
_bم م
100 1 _aمحمد بن سيرين
245 1 0 _aمنتخب الكلام تفسير الاحلام المفهرس /
_cمحمد بن سيرين
700 1 _aعبد ا. مهنا
250 _aالاولى
260 _aبيروت :
_bدار الفكر اللبنانى ،
_c1998
300 _a237 ص ؛
_c25 سم
650 0 4 _aالتحليل النفسى
650 0 4 _aالاحلام
650 0 4 _aاللاشعور
650 0 4 _aالرؤيا
650 0 4 _aالنوم
650 0 4 _aالاحلام - الجوانب النفسية
942 _2ddc
_cBK
999 _c4860
_d4860